00959cam a2200277 a 450000100090000000300120000900500170002100800410003801000170007902000180009602500230011403700530013704000170019004200150020704300120022205000240023408200170025810000280027524501070030326000470041030000250045750400660048260000610054865000250060965100470063417064134NUST - PNEC20170116180750.0111201s2011 pk b 001 0deng  a 2011314896 a9780199062751 aP-E-2011314896; 31 bLibrary of Congress -- Islamabad Overseas Office aDLCcLIBRARY alcodeapcc aa-ii---00aDS480.83b.C54 2011 a954.0359 MUH1 aChawla, Mohammad Iqbal.10aWavell and the dying days of the Raj : Britain's penultimate viceroy in India /cMuhammad Iqbal Chawla aKarachi :bOxford University Press,c2011. axi, 293 p. ;c22 cm. aIncludes bibliographical references (p. [266]-281) and index.10aWavell, Archibald Percival Wavell,cEarl of,d1883-1950. xPolitics and History 0aIndiaxPolitics and governmenty1919-1947.